000 00817cab a2200253 4500
001 WB3221-50
008 090401t1996 xxu||||| |||| 00| 0 eng d
035 _a(Sirsi) u14095
041 _aeng
245 _aPlanned traffic congestion control
260 _c1996
350 _a0
490 _aTimes
_v27 May 1996, 4
490 _aFinancial Times
_v30 May 1996, 9(2)
520 _aSeparate measures to reduce traffic congestion, including road tolls and rural speed limits, are proposed by government, Neil Kinnock (European Transport Commissioner), and Edinburgh`s new unitary council.
650 _aEDINBURGH
650 _aNATIONAL PARKS
650 _aRURAL AREAS
650 _aTOLL ROADS
650 _aTRAFFIC CONGESTION
690 _aTRANSPORT AND COMMUNICATIONS
942 _n0
948 _c04/03/1997
999 _c9143
_d9143